[Event "SF Telgte 1 - SK Bocholt 1"]
[Site "Regionalliga, Gr. 1 2022/2023"]
[Date "2023.02.25"]
[Round "7.1"]
[White "Fuest, Martin"]
[Black "Pohl, Detlev"]
[Result "1-0"]
[WhiteElo "2148"]
[BlackElo "1835"]
[PlyCount "73"]
[EventDate "2023.??.??"]
[SourceTitle "Verband Muensterland"]
[SourceDate "2022.09.15"]
[SourceVersion "1"]
[SourceVersionDate "2022.09.15"]
[SourceQuality "1"]
[WhiteTeam "Bocholt"]
[BlackTeam "Telgte"]
[WhiteTeamCountry "GER"]
[BlackTeamCountry "GER"]

1. d4 Nf6 2. c4 c5 3. d5 b5 4. cxb5 e6 5. dxe6 fxe6 6. e3 Bb7 7. Nf3 d5 8. Be2
Bd6 9. b3 Qe7 10. Bb2 Nbd7 11. Nbd2 O-O 12. Qc2 Rac8 13. O-O Kh8 14. Bd3 e5 15.
e4 dxe4 16. Nxe4 Bb8 17. Rfe1 Qf7 18. Nxf6 gxf6 19. Be4 Bxe4 20. Qxe4 Rg8 21.
Qf5 Rce8 22. Rad1 Nf8 23. g3 Qg6 24. Qxg6 hxg6 25. g4 g5 26. Nd2 Bd6 27. Ne4
Be7 28. Rd5 Ng6 29. Rd7 Ref8 30. Ng3 Bd8 31. Red1 Nf4 32. Nf5 Ne2+ 33. Kf1 Nd4
34. Bxd4 exd4 35. Re1 Re8 36. Rxe8 Rxe8 37. Nd6 1-0

[Event "SF Telgte 1 - SK Bocholt 1"]
[Site "Regionalliga, Gr. 1 2022/2023"]
[Date "2023.02.25"]
[Round "7.2"]
[White "Pohl, Tim"]
[Black "Naumann, Felix"]
[Result "1/2-1/2"]
[WhiteElo "1897"]
[BlackElo "1896"]
[PlyCount "75"]
[EventDate "2023.??.??"]
[SourceTitle "Verband Muensterland"]
[SourceDate "2022.09.15"]
[SourceVersion "1"]
[SourceVersionDate "2022.09.15"]
[SourceQuality "1"]
[WhiteTeam "Telgte"]
[BlackTeam "Bocholt"]
[WhiteTeamCountry "GER"]
[BlackTeamCountry "GER"]

1. e4 c5 2. Nf3 d6 3. b3 e5 4. Bc4 Be7 5. Bb2 Nc6 6. O-O Nf6 7. Nc3 O-O 8. h3
a6 9. a4 Bd7 10. d3 Na5 11. Nd2 Nxc4 12. Nxc4 b5 13. axb5 axb5 14. Rxa8 Qxa8
15. Nb6 Qb7 16. Nxd7 Nxd7 17. Nd5 Bd8 18. f4 f6 19. Qg4 Re8 20. fxe5 dxe5 21.
Bc1 Kh8 22. Be3 Nb6 23. Nxb6 Bxb6 24. c4 Qc6 25. Ra1 b4 26. Qd1 Rd8 27. Kf2 Kg8
28. g4 g5 29. Ke2 Qd6 30. Qc2 Qd7 31. Ra6 Qb7 32. Qa2 Kg7 33. Qa4 Rb8 34. Qb5
Qc7 35. Qa4 Qb7 36. Bd2 Kg6 37. Qb5 Qc7 38. Qa4 1/2-1/2

[Event "SF Telgte 1 - SK Bocholt 1"]
[Site "Regionalliga, Gr. 1 2022/2023"]
[Date "2023.02.25"]
[Round "7.3"]
[White "Kuhlenbaeumer, Willi"]
[Black "Kuhlenbaeumer, Alfred"]
[Result "1/2-1/2"]
[WhiteElo "1935"]
[BlackElo "1846"]
[PlyCount "38"]
[EventDate "2023.??.??"]
[SourceTitle "Verband Muensterland"]
[SourceDate "2022.09.15"]
[SourceVersion "1"]
[SourceVersionDate "2022.09.15"]
[SourceQuality "1"]
[WhiteTeam "Bocholt"]
[BlackTeam "Telgte"]
[WhiteTeamCountry "GER"]
[BlackTeamCountry "GER"]

1. e4 e5 2. Nc3 Be7 3. Bc4 Nf6 4. f4 d6 5. Nf3 Nc6 6. d3 O-O 7. O-O Bd7 8. a3
a5 9. h3 Nd4 10. Nxd4 exd4 11. Ne2 c5 12. e5 Ne8 13. Ng3 Nc7 14. Bd2 Be6 15.
Qe2 Bxc4 16. dxc4 Qd7 17. Rae1 b6 18. Qh5 f5 19. exf6 Bxf6 1/2-1/2

[Event "SF Telgte 1 - SK Bocholt 1"]
[Site "Regionalliga, Gr. 1 2022/2023"]
[Date "2023.02.25"]
[Round "7.4"]
[White "Almohammad, Abbas"]
[Black "Sell, Markus"]
[Result "1-0"]
[WhiteElo "1706"]
[BlackElo "1824"]
[PlyCount "78"]
[EventDate "2023.??.??"]
[SourceTitle "Verband Muensterland"]
[SourceDate "2022.09.15"]
[SourceVersion "1"]
[SourceVersionDate "2022.09.15"]
[SourceQuality "1"]
[WhiteTeam "Telgte"]
[BlackTeam "Bocholt"]
[WhiteTeamCountry "GER"]
[BlackTeamCountry "GER"]

1. e4 d6 2. d4 Nf6 3. Nc3 g6 4. Bg5 Bg7 5. Bc4 c6 6. Bb3 Qa5 7. Qd2 b5 8. f3
Nbd7 9. Bh6 O-O 10. Bxg7 Kxg7 11. g4 Bb7 12. a4 a6 13. Ra2 Qc7 14. Nce2 c5 15.
h4 h5 16. gxh5 Nxh5 17. c3 c4 18. Bc2 e5 19. Nh3 d5 20. Rg1 Rae8 21. Qg5 Rh8
22. exd5 Qd6 23. Kd1 Bxd5 24. f4 Bf3 25. fxe5 Rxe5 26. Bf5 Rxe2 27. Kc1 Qf6 28.
Bxd7 Rd8 29. Qxf6+ Nxf6 30. Ng5 Rxd7 31. Nxf3 Rde7 32. Ne5 Nd7 33. Nxd7 Rxd7
34. h5 Rd5 35. hxg6 fxg6 36. axb5 axb5 37. Ra7+ Kh6 38. Ra8 g5 39. Rg8 Re7 1-0

[Event "SF Telgte 1 - SK Bocholt 1"]
[Site "Regionalliga, Gr. 1 2022/2023"]
[Date "2023.02.25"]
[Round "7.5"]
[White "Hunhoff, Andreas"]
[Black "Stepa, Rainer"]
[Result "1/2-1/2"]
[WhiteElo "1772"]
[BlackElo "1741"]
[PlyCount "50"]
[EventDate "2023.??.??"]
[SourceTitle "Verband Muensterland"]
[SourceDate "2022.09.15"]
[SourceVersion "1"]
[SourceVersionDate "2022.09.15"]
[SourceQuality "1"]
[WhiteTeam "Bocholt"]
[BlackTeam "Telgte"]
[WhiteTeamCountry "GER"]
[BlackTeamCountry "GER"]

1. f4 d5 2. Nf3 c5 3. e3 Nf6 4. Be2 e6 5. O-O Nc6 6. d4 Be7 7. c3 O-O 8. Bd3
cxd4 9. exd4 Ne4 10. Nbd2 f5 11. Ne5 Qc7 12. Ndf3 a6 13. Be3 b5 14. Nxc6 Qxc6
15. Ne5 Qe8 16. Rf3 g6 17. Qe2 Bb7 18. Raf1 Bd6 19. h4 Kh8 20. Rh3 h5 21. Bxe4
dxe4 22. Rg3 Bxe5 23. fxe5 Bd5 24. b3 Kh7 25. Bg5 Rc8 1/2-1/2

[Event "SF Telgte 1 - SK Bocholt 1"]
[Site "Regionalliga, Gr. 1 2022/2023"]
[Date "2023.02.25"]
[Round "7.6"]
[White "Rex, Dieter"]
[Black "Buessing, Olaf"]
[Result "1/2-1/2"]
[WhiteElo "1726"]
[BlackElo "1748"]
[PlyCount "90"]
[EventDate "2023.??.??"]
[SourceTitle "Verband Muensterland"]
[SourceDate "2022.09.15"]
[SourceVersion "1"]
[SourceVersionDate "2022.09.15"]
[SourceQuality "1"]
[WhiteTeam "Telgte"]
[BlackTeam "Bocholt"]
[WhiteTeamCountry "GER"]
[BlackTeamCountry "GER"]

1. d4 f5 2. c4 Nf6 3. Nc3 e6 4. Bg5 c6 5. Nf3 d5 6. a3 Bd6 7. e3 O-O 8. Be2 Bd7
9. O-O Be8 10. Ne5 Nbd7 11. f4 Qb6 12. Na4 Qc7 13. c5 Bxe5 14. fxe5 Ne4 15. Be7
Rf7 16. Bd6 Qd8 17. Bd3 Nxd6 18. cxd6 Qg5 19. Qd2 b6 20. Qf2 c5 21. Rac1 Nxe5
22. dxe5 Bxa4 23. Qf4 Qxf4 24. exf4 c4 25. Be2 Rc8 26. Rc3 Rff8 27. g4 g6 28.
gxf5 gxf5 29. Kf2 Kh8 30. Ke3 Rg8 31. Bf3 Bd7 32. Kd4 Rg7 33. Rcc1 a5 34. Rg1
Rcg8 35. Rxg7 Kxg7 36. Bh5 Kh6 37. Bf3 a4 38. Rf1 Rc8 39. Rc1 Rg8 40. Rf1 Rc8
41. Rc1 Kg7 42. Bh5 Kf8 43. Rg1 Rc5 44. Bd1 Rc8 45. Rg3 Rb8 1/2-1/2

[Event "SF Telgte 1 - SK Bocholt 1"]
[Site "Regionalliga, Gr. 1 2022/2023"]
[Date "2023.02.25"]
[Round "7.7"]
[White "Steiner, Karl"]
[Black "Dieckmann, Werner"]
[Result "1-0"]
[WhiteElo "1868"]
[BlackElo "1777"]
[PlyCount "85"]
[EventDate "2023.??.??"]
[SourceTitle "Verband Muensterland"]
[SourceDate "2022.09.15"]
[SourceVersion "1"]
[SourceVersionDate "2022.09.15"]
[SourceQuality "1"]
[WhiteTeam "Bocholt"]
[BlackTeam "Telgte"]
[WhiteTeamCountry "GER"]
[BlackTeamCountry "GER"]

1. c4 c5 2. Nf3 Nc6 3. g3 g6 4. Bg2 Bg7 5. O-O Nf6 6. Nc3 O-O 7. e3 d6 8. d4
Bg4 9. h3 cxd4 10. exd4 Bf5 11. Be3 Qc8 12. Kh2 Nb4 13. b3 Nc2 14. Rc1 Nxe3 15.
fxe3 Rb8 16. Qe2 Ne4 17. Nd5 Qd8 18. Nh4 e6 19. Nxf5 exf5 20. g4 Re8 21. gxf5
Qh4 22. Rf4 Qg3+ 23. Kg1 Ng5 24. Kh1 Nxh3 25. Rf3 Nf4 26. Nxf4 Qh4+ 27. Kg1
Bxd4 28. Nd5 Qg5 29. Qd3 Be5 30. Kf1 b6 31. Rc2 Rbc8 32. fxg6 fxg6 33. Rcf2 b5
34. Nf6+ Bxf6 35. Rxf6 Rxe3 36. Bd5+ Kh8 37. Rf8+ Rxf8 38. Rxf8+ Kg7 39. Rf7+
Kh6 40. Qd4 Re5 41. Qc3 Qg4 42. Qd2+ g5 43. Qd3 1-0

[Event "SF Telgte 1 - SK Bocholt 1"]
[Site "Regionalliga, Gr. 1 2022/2023"]
[Date "2023.02.25"]
[Round "7.8"]
[White "Hilgart, Lienhard"]
[Black "Schlebusch, Daniel"]
[Result "0-1"]
[WhiteElo "1237"]
[BlackElo "1672"]
[PlyCount "74"]
[EventDate "2023.??.??"]
[SourceTitle "Verband Muensterland"]
[SourceDate "2022.09.15"]
[SourceVersion "1"]
[SourceVersionDate "2022.09.15"]
[SourceQuality "1"]
[WhiteTeam "Telgte"]
[BlackTeam "Bocholt"]
[WhiteTeamCountry "GER"]
[BlackTeamCountry "GER"]

1. d4 Nf6 2. Bf4 d5 3. e3 c5 4. Nf3 Nc6 5. Nc3 Bg4 6. h3 Bh5 7. g4 Bg6 8. g5
Ne4 9. Ne5 Nxc3 10. Nxc6 bxc6 11. bxc3 Qa5 12. Qd2 c4 13. Bg2 e6 14. O-O Be7
15. Rfb1 O-O 16. Rb7 Qd8 17. Rab1 Bd6 18. Bxd6 Qxd6 19. Qc1 Qd8 20. R1b2 Qa5
21. Qb1 h6 22. gxh6 gxh6 23. Rb8 Qxc3 24. Rxf8+ Rxf8 25. Rb8 Qxc2 26. Rxf8+
Kxf8 27. Qb8+ Kg7 28. Qxa7 Qb1+ 29. Kh2 c3 30. Qc7 c2 31. Qe5+ Kh7 32. Be4 Bxe4
33. Qf4 Qh1+ 34. Kg3 Qg2+ 35. Kh4 Qg5+ 36. Qxg5 hxg5+ 37. Kxg5 c1=Q 0-1

[Event "SC Klein-Berlin Rheine 1 - SK Metelen 1"]
[Site "Regionalliga, Gr. 1 2022/2023"]
[Date "2023.02.25"]
[Round "7.1"]
[White "Koch, Alexander"]
[Black "Ottens, Stephan"]
[Result "0-1"]
[WhiteElo "2028"]
[BlackElo "2103"]
[PlyCount "115"]
[EventDate "2023.??.??"]
[SourceTitle "Verband Muensterland"]
[SourceDate "2022.09.15"]
[SourceVersion "1"]
[SourceVersionDate "2022.09.15"]
[SourceQuality "1"]
[WhiteTeam "Metelen"]
[BlackTeam "Rheine Klein Berlin"]
[WhiteTeamCountry "GER"]
[BlackTeamCountry "GER"]

1. e4 c5 2. Nc3 d6 3. f4 Nc6 4. Nf3 g6 5. Bc4 Bg7 6. O-O e6 7. d3 Nge7 8. Qe1
a6 9. a4 h6 10. Kh1 O-O 11. f5 gxf5 12. Qg3 fxe4 13. dxe4 Ng6 14. Be3 Nce5 15.
Nxe5 Bxe5 16. Qh3 d5 17. Rad1 Qe8 18. Be2 d4 19. Bxh6 dxc3 20. Bxf8 Qxf8 21.
Bh5 Qe8 22. Qg4 Bd7 23. bxc3 Bc6 24. Rd3 Bg7 25. Bxg6 fxg6 26. Rh3 g5 27. Rh5
Qe7 28. Rxg5 Rf8 29. Rxf8+ Kxf8 30. h4 Qf6 31. e5 Qf7 32. Qc4 Ke8 33. Qg4 Bh6
34. Rg8+ Ke7 35. Kh2 Qf1 36. Rg7+ Kd8 37. Rg8+ Ke7 38. Rg7+ Bxg7 39. Qxg7+ Qf7
40. Qg5+ Kd7 41. a5 Be4 42. h5 Qf5 43. Qxf5 Bxf5 44. Kg3 Ke7 45. Kf4 Kf7 46. g4
Bxc2 47. g5 Kg7 48. Ke3 Ba4 49. Kd3 Bb5+ 50. Ke4 Be8 51. h6+ Kg6 52. Ke3 Bb5
53. Kd2 Bc4 54. Ke3 Ba2 55. Kd3 Kxg5 56. h7 Bb1+ 57. Kc4 Bxh7 58. Kxc5 0-1

[Event "SC Klein-Berlin Rheine 1 - SK Metelen 1"]
[Site "Regionalliga, Gr. 1 2022/2023"]
[Date "2023.02.25"]
[Round "7.2"]
[White "Henneberger, Sven"]
[Black "Bernink, Henk"]
[Result "1-0"]
[WhiteElo "2059"]
[BlackElo "2012"]
[PlyCount "75"]
[EventDate "2023.??.??"]
[SourceTitle "Verband Muensterland"]
[SourceDate "2022.09.15"]
[SourceVersion "1"]
[SourceVersionDate "2022.09.15"]
[SourceQuality "1"]
[WhiteTeam "Rheine Klein Berlin"]
[BlackTeam "Metelen"]
[WhiteTeamCountry "GER"]
[BlackTeamCountry "GER"]

1. d4 d5 2. Nf3 Nf6 3. e3 e6 4. Bd3 c5 5. b3 Be7 6. Nbd2 O-O 7. Bb2 Nc6 8. O-O
a6 9. Ne5 Nxe5 10. dxe5 Nd7 11. f4 g6 12. e4 f5 13. exf6 Bxf6 14. e5 Bg7 15.
Qg4 Rf7 16. Nf3 Nf8 17. Rad1 b6 18. c4 Raa7 19. Ng5 Rfe7 20. Qe2 b5 21. Bc3 Qb6
22. Kh1 Bd7 23. Be1 Bc6 24. Bf2 Rac7 25. Rc1 d4 26. Bh4 Kh8 27. Be4 h6 28. Nf3
Rf7 29. Nd2 Rcd7 30. Rf3 d3 31. Qe3 Bxe4 32. Nxe4 Rd4 33. cxb5 g5 34. fxg5 Rxf3
35. Qxf3 d2 36. Rd1 Ng6 37. gxh6 Bxh6 38. Qf6+ 1-0

[Event "SC Klein-Berlin Rheine 1 - SK Metelen 1"]
[Site "Regionalliga, Gr. 1 2022/2023"]
[Date "2023.02.25"]
[Round "7.3"]
[White "Grotenhuis, Gerard"]
[Black "Averkamp Peters, Jens"]
[Result "0-1"]
[WhiteElo "1931"]
[BlackElo "2003"]
[PlyCount "56"]
[EventDate "2023.??.??"]
[SourceTitle "Verband Muensterland"]
[SourceDate "2022.09.15"]
[SourceVersion "1"]
[SourceVersionDate "2022.09.15"]
[SourceQuality "1"]
[WhiteTeam "Metelen"]
[BlackTeam "Rheine Klein Berlin"]
[WhiteTeamCountry "GER"]
[BlackTeamCountry "GER"]

1. b3 d5 2. Bb2 c5 3. e3 Nf6 4. f4 Nc6 5. Nf3 e6 6. Bb5 Bd7 7. a4 Bd6 8. d3 d4
9. Bxc6 Bxc6 10. exd4 Bxf4 11. dxc5 Ng4 12. Qe2 Qa5+ 13. Nbd2 Bxf3 14. gxf3 Ne3
15. Rc1 O-O-O 16. d4 Rd5 17. Qb5 Ng2+ 18. Kf2 Qxd2+ 19. Qe2 Qxe2+ 20. Kxe2 Bxc1
21. Rxc1 Rh5 22. Rh1 Rd8 23. c3 Nf4+ 24. Ke3 Nd5+ 25. Kf2 Nf4 26. Ke3 e5 27. c4
Ne6 28. dxe5 Nxc5 0-1

[Event "SC Klein-Berlin Rheine 1 - SK Metelen 1"]
[Site "Regionalliga, Gr. 1 2022/2023"]
[Date "2023.02.25"]
[Round "7.4"]
[White "Langhans, Joerg"]
[Black "Zachej, Arne"]
[Result "1/2-1/2"]
[WhiteElo "1971"]
[BlackElo "1849"]
[PlyCount "26"]
[EventDate "2023.??.??"]
[SourceTitle "Verband Muensterland"]
[SourceDate "2022.09.15"]
[SourceVersion "1"]
[SourceVersionDate "2022.09.15"]
[SourceQuality "1"]
[WhiteTeam "Rheine Klein Berlin"]
[BlackTeam "Metelen"]
[WhiteTeamCountry "GER"]
[BlackTeamCountry "GER"]

1. e4 c5 2. Nc3 e6 3. f4 Nc6 4. Nf3 g6 5. g3 d5 6. d3 Bg7 7. Bg2 Nge7 8. O-O
O-O 9. Bd2 a6 10. Rb1 b5 11. Ne2 f5 12. e5 Bb7 13. d4 c4 1/2-1/2

[Event "SC Klein-Berlin Rheine 1 - SK Metelen 1"]
[Site "Regionalliga, Gr. 1 2022/2023"]
[Date "2023.02.25"]
[Round "7.5"]
[White "Wigger, Frank"]
[Black "Langhanke, Guenther"]
[Result "1/2-1/2"]
[WhiteElo "1848"]
[BlackElo "1958"]
[PlyCount "57"]
[EventDate "2023.??.??"]
[SourceTitle "Verband Muensterland"]
[SourceDate "2022.09.15"]
[SourceVersion "1"]
[SourceVersionDate "2022.09.15"]
[SourceQuality "1"]
[WhiteTeam "Metelen"]
[BlackTeam "Rheine Klein Berlin"]
[WhiteTeamCountry "GER"]
[BlackTeamCountry "GER"]

1. e4 c5 2. c3 d5 3. exd5 Qxd5 4. d4 Nf6 5. Nf3 Nc6 6. Be3 cxd4 7. cxd4 e6 8.
a3 Be7 9. Nc3 Qd6 10. Bd3 O-O 11. O-O Rd8 12. Qe2 b6 13. Rad1 Bb7 14. Rfe1 Rac8
15. Bb1 Na5 16. Ne5 g6 17. Ba2 Bd5 18. Nxd5 exd5 19. Bf4 Nh5 20. Bd2 Bf6 21.
Bxa5 bxa5 22. Rc1 Nf4 23. Qe3 Ne6 24. Rc3 Rxc3 25. Qxc3 Qb6 26. Rd1 Nxd4 27.
Qxd4 Qxd4 28. Rxd4 Bxe5 29. Rxd5 1/2-1/2

[Event "SC Klein-Berlin Rheine 1 - SK Metelen 1"]
[Site "Regionalliga, Gr. 1 2022/2023"]
[Date "2023.02.25"]
[Round "7.6"]
[White "Bruemmer, Andreas"]
[Black "Bueckers, Bernhard"]
[Result "1/2-1/2"]
[WhiteElo "1932"]
[BlackElo "1709"]
[PlyCount "109"]
[EventDate "2023.??.??"]
[SourceTitle "Verband Muensterland"]
[SourceDate "2022.09.15"]
[SourceVersion "1"]
[SourceVersionDate "2022.09.15"]
[SourceQuality "1"]
[WhiteTeam "Rheine Klein Berlin"]
[BlackTeam "Metelen"]
[WhiteTeamCountry "GER"]
[BlackTeamCountry "GER"]

1. b3 d5 2. Bb2 Nf6 3. Nf3 g6 4. c4 c6 5. e3 Bg7 6. Be2 O-O 7. O-O b6 8. d4 Bb7
9. Nc3 Nbd7 10. Rc1 Rc8 11. Qc2 Qc7 12. Rfd1 Qb8 13. Qb1 Rfe8 14. Rc2 e6 15.
cxd5 Nxd5 16. Nxd5 cxd5 17. Bd3 Rxc2 18. Qxc2 Rc8 19. Qb1 Rc7 20. h4 Nf6 21.
Rc1 Qc8 22. Ne5 Nd7 23. Nxd7 Qxd7 24. h5 Qc8 25. hxg6 hxg6 26. f4 Rxc1+ 27.
Qxc1 Qxc1+ 28. Bxc1 Bf8 29. Bd2 Bd6 30. b4 Kf8 31. Kf2 Ke7 32. Kf3 Kf6 33. a4
a6 34. Kg4 Kg7 35. Bc3 f5+ 36. Kf3 Kf7 37. g4 Bc8 38. gxf5 gxf5 39. Kg3 Be7 40.
Be1 Kg6 41. Kh3 Kh6 42. b5 a5 43. Be2 Kg6 44. Bh4 Bxh4 45. Kxh4 Kf6 46. Kh5 Ke7
47. Kg6 Bd7 48. Kg7 Be8 49. Kg8 Bd7 50. Bd3 Bc8 51. Kg7 Bd7 52. Kg6 Be8+ 53.
Kg5 Bd7 54. Be2 Bc8 55. Bd3 1/2-1/2

[Event "SC Klein-Berlin Rheine 1 - SK Metelen 1"]
[Site "Regionalliga, Gr. 1 2022/2023"]
[Date "2023.02.25"]
[Round "7.7"]
[White "Buijnsters, Floris"]
[Black "Van Dijk, Guido"]
[Result "1/2-1/2"]
[WhiteElo "1745"]
[BlackElo "1824"]
[PlyCount "120"]
[EventDate "2023.??.??"]
[SourceTitle "Verband Muensterland"]
[SourceDate "2022.09.15"]
[SourceVersion "1"]
[SourceVersionDate "2022.09.15"]
[SourceQuality "1"]
[WhiteTeam "Metelen"]
[BlackTeam "Rheine Klein Berlin"]
[WhiteTeamCountry "GER"]
[BlackTeamCountry "GER"]

1. e4 c6 2. Nc3 d5 3. Nf3 dxe4 4. Nxe4 Nf6 5. Qe2 Nxe4 6. Qxe4 Nd7 7. Bc4 e6 8.
d4 Nf6 9. Qe2 h6 10. Bf4 Bd6 11. Bxd6 Qxd6 12. O-O O-O 13. c3 b6 14. Qe5 Rd8
15. Rfe1 Bb7 16. Be2 Rac8 17. Rad1 Qe7 18. Qe3 Nd5 19. Qc1 c5 20. Bf1 Nf6 21.
Qf4 Bxf3 22. gxf3 cxd4 23. Rxd4 Rxd4 24. Qxd4 Rd8 25. Qa4 Rd2 26. Re2 Rd5 27.
Re3 Qd7 28. Qxd7 Rxd7 29. Rd3 Rxd3 30. Bxd3 e5 31. h4 Kf8 32. Kf1 Ke7 33. Ke2
Nd5 34. Bb5 f5 35. Kd2 Nf4 36. b4 Ng6 37. h5 Nf4 38. c4 Nxh5 39. c5 Nf4 40.
cxb6 axb6 41. a4 Kd6 42. a5 bxa5 43. bxa5 Kc7 44. Ke1 Ne6 45. Kf1 f4 46. Kg2
Nd4 47. Bc4 Nc6 48. a6 Kb6 49. Kh3 Nd4 50. Kg4 g6 51. Bf7 h5+ 52. Kh3 Nxf3 53.
Bxg6 Kxa6 54. Bxh5 Nd4 55. f3 Kb5 56. Kg2 Kc4 57. Kf2 Nf5 58. Bg6 Ng3 59. Ke1
Nh1 60. Kd2 Kd4 1/2-1/2

[Event "SC Klein-Berlin Rheine 1 - SK Metelen 1"]
[Site "Regionalliga, Gr. 1 2022/2023"]
[Date "2023.02.25"]
[Round "7.8"]
[White "Ratert, Matthias"]
[Black "Focke, Robert"]
[Result "1-0"]
[WhiteElo "1839"]
[BlackElo "1530"]
[PlyCount "61"]
[EventDate "2023.??.??"]
[SourceTitle "Verband Muensterland"]
[SourceDate "2022.09.15"]
[SourceVersion "1"]
[SourceVersionDate "2022.09.15"]
[SourceQuality "1"]
[WhiteTeam "Rheine Klein Berlin"]
[BlackTeam "Metelen"]
[WhiteTeamCountry "GER"]
[BlackTeamCountry "GER"]

1. e4 e6 2. d4 d5 3. Nd2 c5 4. exd5 exd5 5. Ngf3 Nc6 6. Bb5 Bd7 7. O-O a6 8.
Re1+ Be7 9. Bxc6 Bxc6 10. dxc5 Nf6 11. Ne5 O-O 12. Nxc6 bxc6 13. b4 a5 14. c3
Qd7 15. Nf3 Ra7 16. Be3 Ne4 17. Bd4 f5 18. Ne5 Qc7 19. f3 Bf6 20. fxe4 Bxe5 21.
Bxe5 Qxe5 22. exd5 Qxd5 23. Qxd5+ cxd5 24. b5 a4 25. c6 Ra5 26. Rab1 Kf7 27.
Re5 Kf6 28. Rxd5 Ke6 29. c4 a3 30. Re1+ Kf6 31. c7 1-0

[Event "SC Falke Saerbeck 1 - Schachklub Münst"]
[Site "Regionalliga, Gr. 1 2022/2023"]
[Date "2023.02.25"]
[Round "7.1"]
[White "Schulz, Stefan"]
[Black "Vos, Thomas"]
[Result "0-1"]
[WhiteElo "1840"]
[BlackElo "2022"]
[PlyCount "120"]
[EventDate "2023.??.??"]
[SourceTitle "Verband Muensterland"]
[SourceDate "2022.09.15"]
[SourceVersion "1"]
[SourceVersionDate "2022.09.15"]
[SourceQuality "1"]
[WhiteTeam "Muenster SK IV"]
[BlackTeam "Saerbeck"]
[WhiteTeamCountry "GER"]
[BlackTeamCountry "GER"]

1. d4 d5 2. Nf3 Nc6 3. c4 Bg4 4. Ne5 Nxe5 5. dxe5 d4 6. g3 Qd7 7. Bg2 c6 8. O-O
h5 9. f3 Be6 10. b3 h4 11. Nd2 hxg3 12. hxg3 d3 13. e3 O-O-O 14. Ne4 Bh3 15.
Qd2 Bxg2 16. Qxg2 e6 17. Bd2 f5 18. Ng5 Nh6 19. b4 Be7 20. Nh3 Nf7 21. f4 g5
22. b5 Rdg8 23. bxc6 Qxc6 24. Qxc6+ bxc6 25. Kg2 Rh6 26. Rh1 Rhg6 27. Rag1 gxf4
28. Nxf4 Rxg3+ 29. Kf2 Rxg1 30. Rxg1 Rxg1 31. Kxg1 Nxe5 32. Kf1 Nxc4 33. Ke1
Nxd2 34. Kxd2 e5 35. Nxd3 Bd6 36. Nb2 Kd7 37. Nc4 Ke6 38. Kd3 Kd5 39. Na5 e4+
40. Kc3 Be5+ 41. Kc2 Bc7 42. Nb3 Bb6 43. Kd2 a5 44. Nc1 Bc7 45. Ne2 Be5 46. Kc2
Kc4 47. Nc1 a4 48. Ne2 c5 49. Nc1 Bf6 50. Ne2 Bg5 51. Ng3 Bxe3 52. Nxf5 Bd4 53.
Nd6+ Kd5 54. Nb5 c4 55. Nc7+ Ke5 56. Nb5 Bb6 57. Nc3 a3 58. Nb5 Bc5 59. Kd2
Bb4+ 60. Ke2 c3 0-1

[Event "SC Falke Saerbeck 1 - Schachklub Münst"]
[Site "Regionalliga, Gr. 1 2022/2023"]
[Date "2023.02.25"]
[Round "7.2"]
[White "Hegemann, Eike"]
[Black "Voss, Andreas"]
[Result "0-1"]
[WhiteElo "1913"]
[BlackElo "1819"]
[PlyCount "90"]
[EventDate "2023.??.??"]
[SourceTitle "Verband Muensterland"]
[SourceDate "2022.09.15"]
[SourceVersion "1"]
[SourceVersionDate "2022.09.15"]
[SourceQuality "1"]
[WhiteTeam "Saerbeck"]
[BlackTeam "Muenster SK IV"]
[WhiteTeamCountry "GER"]
[BlackTeamCountry "GER"]

1. e4 d5 2. exd5 Nf6 3. Bb5+ Bd7 4. Be2 Nxd5 5. d4 g6 6. Nf3 Bg7 7. O-O O-O 8.
c4 Nb6 9. Nc3 Bg4 10. Qb3 Nc6 11. d5 Bxf3 12. dxc6 Bxc6 13. Rd1 Qc8 14. c5 Nd7
15. Nd5 Re8 16. Be3 a5 17. Bc4 e6 18. Nf4 Qd8 19. Bd4 a4 20. Qh3 Bxd4 21. Rxd4
Qf6 22. Ne2 Nxc5 23. Rc1 Rad8 24. Rh4 Qg7 25. b4 axb3 26. axb3 b5 27. Qe3 Nb7
28. Bd3 Rd6 29. Nd4 Red8 30. Rxc6 Rxd4 31. Rxd4 Rxd4 32. Rxc7 Nd6 33. g3 Qf6
34. Rc6 Rd5 35. Rb6 Qc3 36. Be2 Qxe3 37. fxe3 Kf8 38. e4 Nxe4 39. Bxb5 Nd6 40.
Be2 Ke7 41. Ra6 Rd2 42. Kf1 Rb2 43. Rb6 Ne4 44. Bd3 Nd2+ 45. Ke1 Rxb3 0-1

[Event "SC Falke Saerbeck 1 - Schachklub Münst"]
[Site "Regionalliga, Gr. 1 2022/2023"]
[Date "2023.02.25"]
[Round "7.3"]
[White "Schoepper, Oliver"]
[Black "Kipp, Lucas"]
[Result "0-1"]
[WhiteElo "1778"]
[BlackElo "1913"]
[PlyCount "72"]
[EventDate "2023.??.??"]
[SourceTitle "Verband Muensterland"]
[SourceDate "2022.09.15"]
[SourceVersion "1"]
[SourceVersionDate "2022.09.15"]
[SourceQuality "1"]
[WhiteTeam "Muenster SK IV"]
[BlackTeam "Saerbeck"]
[WhiteTeamCountry "GER"]
[BlackTeamCountry "GER"]

1. d4 d6 2. c4 Nf6 3. Nc3 c6 4. g3 e5 5. dxe5 dxe5 6. Qxd8+ Kxd8 7. Bg5 Be6 8.
O-O-O+ Kc7 9. e4 Bb4 10. Bd2 Rd8 11. f3 a5 12. Nh3 h6 13. Nf2 Nbd7 14. Be2 Nb6
15. b3 Ba3+ 16. Kc2 Nfd7 17. Nd3 f6 18. Nb1 Be7 19. a4 Nc5 20. Be3 Nbd7 21. Nc3
Nxd3 22. Bxd3 Nc5 23. Be2 Na6 24. Rxd8 Rxd8 25. Rd1 Rxd1 26. Nxd1 Bc5 27. Bxc5
Nxc5 28. Ne3 g6 29. g4 Bf7 30. Kc3 Ne6 31. Bd1 Nd4 32. h4 Kd6 33. Nf1 Kc5 34.
Ng3 Ne6 35. Ne2 Be8 36. Ng3 Nf4 0-1

[Event "SC Falke Saerbeck 1 - Schachklub Münst"]
[Site "Regionalliga, Gr. 1 2022/2023"]
[Date "2023.02.25"]
[Round "7.5"]
[White "Baumann, Eva"]
[Black "Kessens, Felix Magnus"]
[Result "1-0"]
[WhiteElo "1712"]
[BlackElo "1703"]
[PlyCount "91"]
[EventDate "2023.??.??"]
[SourceTitle "Verband Muensterland"]
[SourceDate "2022.09.15"]
[SourceVersion "1"]
[SourceVersionDate "2022.09.15"]
[SourceQuality "1"]
[WhiteTeam "Muenster SK IV"]
[BlackTeam "Saerbeck"]
[WhiteTeamCountry "GER"]
[BlackTeamCountry "GER"]

1. e4 e6 2. d4 d5 3. Nc3 Bb4 4. exd5 exd5 5. Nf3 Nf6 6. Bd3 O-O 7. O-O Bxc3 8.
bxc3 Ne4 9. c4 c6 10. cxd5 cxd5 11. c4 Bg4 12. h3 Bh5 13. g4 Bg6 14. Qb3 Nd7
15. Be3 dxc4 16. Bxc4 Nb6 17. Ne5 Nxc4 18. Nxc4 Qh4 19. Kg2 Rac8 20. Ne5 Rc3
21. Nf3 Qe7 22. Qb2 f5 23. Rac1 fxg4 24. hxg4 Rxc1 25. Rxc1 Nd6 26. Ne5 Be4+
27. f3 Bxf3+ 28. Nxf3 Qxe3 29. Qb3+ Qxb3 30. axb3 Rf4 31. Kg3 Re4 32. Rc7 Re3
33. Rd7 Nb5 34. Rd5 Rxb3 35. Kf4 h6 36. Ne5 Nc7 37. Rd7 Ne6+ 38. Kf5 Ng5 39. d5
Kh7 40. Rc7 Rb6 41. Nd7 Rd6 42. Ke5 Nf7+ 43. Ke4 a5 44. Rxb7 Ra6 45. Kd4 Rg6
46. Nf8+ 1-0